| 000 | 00420 a2200133 4500 | ||
|---|---|---|---|
| 005 | 20250626171138.0 | ||
| 020 | _a0-324-11582-2 | ||
| 082 | _a658 WIL, | ||
| 100 | _aWILLIAMS, C. | ||
| 245 | _aEffective Management: A Multimedia Approach, Text. Graphics. Video. Animation. | ||
| 260 |
_aSouth Western, _bThomson Learning, _c2009. |
||
| 300 |
_axxii,;680p: ill,; figure, picture, _bGlossary & Index, _c25cm. |
||
| 942 |
_2ddc _cBKS |
||
| 999 |
_c5464 _d5464 |
||